000 01131cab a2200349 4500
001 WB3233-14
008 090401t1996 xxu||||| |||| 00| 0 eng d
035 _a(Sirsi) u5258
041 _aeng
245 _aMOD homes sold to Japanese-led consortium
260 _c1996
350 _a0
490 _aFinancial Times
_v4 September 1996, 8(2)
520 _aA consortium led by the Japanese firm Nomura is expected to buy the MOD married quarters estate. This move is strongly criticised by both Conservative and Labour MPs.
650 _aABBEY NATIONAL
650 _aAMEC
650 _aANNINGTON HOMES
650 _aDEFENCE HOUSING EXECUTIVE
650 _aGUY HANDS
650 _aJAPANESE SECURITIES HOUSE
650 _aMARRIED QUARTERS ESTATE
650 _aMINISTRY OF DEFENCE
650 _aMOD ESTATE
650 _aMOD MARRIED QUARTERS
650 _aNOMURA
650 _aPRIVATISATION
650 _aROYAL BANK OF SCOTLAND
690 _aPROPERTY-COMMERCIAL PROPERTY-COMMERCIAL PROPERTY MARKET
690 _aPROPERTY-RESIDENTIAL PROPERTY-RESIDENTIAL PROPERTY MARKET
942 _n0
948 _c04/03/1997
999 _c3135
_d3135